Applications of polymer spectroscopy /

Guardado en:
Otros Autores: Brame, Edward G. 1927-, (Editor , ed.)
Formato: Libro
Idioma:English
Publicado: New York : Academic Press, 1978.
Materias:
Etiquetas: Agregar Etiqueta
Sin Etiquetas, Sea el primero en etiquetar este registro!
LEADER 00712cam a22002055a 4500
001 EIQ.libpla003613
008 780331s1978####nyua#####b####001#0#eng#d
005 20080219180713.0
245 0 0 |a Applications of polymer spectroscopy /  |c edited by Edward G. Brame, Jr. 
260 |a New York :  |b Academic Press,  |c 1978. 
300 |a xiv, 289 p. :  |b il. ;  |c 24 cm. 
504 |a Incluye referencias bibliográficas e índices. 
020 |a 012125450X 
700 1 |a Brame, Edward G.  |q (Edward Grant),  |d 1927-,  |e ed.  |4 edt 
082 0 0 |a 547/.84 
650 4 |a Polímeros  |x Espectroscopía. 
650 4 |a Polymers  |x Spectroscopy. 
010 |a  77025728  
040 |a DLC  |c DLC  |d AR-BbSID 
859 |a AR-BbSID  |b BIB. PLAPIQUI  |h 547.84  |i Ap 58  |p 628